000 00311nam a2200109Ia 4500
008 231219s9999 xx 000 0 und d
041 _aeng
100 _aDavid -Doyle
245 _aThe Art & Science Of Financial Management (Cost Control) Vol -5
260 _bCreast Pubs House ,NewDelhi
650 _aManagement
999 _c978536
_d978536